[Event "RUS-ch U20 Girls"]
[Site "Essentuki"]
[Date "2003.03.12"]
[Round "10"]
[White "Zainullina, Nataliya"]
[Black "Olhovaja, Elena"]
[Result "1-0"]
[WhiteElo "2176"]
[BlackElo "2214"]
[PlyCount "121"]
[EventDate "2003.03.02"]
[EventType "swiss"]
[EventRounds "11"]
[EventCountry "RUS"]
[SourceTitle "CBM 093 Extra"]
[Source "ChessBase"]
[SourceDate "2003.05.09"]
[SourceVersion "1"]
[SourceVersionDate "2003.05.09"]
[SourceQuality "1"]

1. e4 g6 2. d4 Bg7 3. Nc3 d6 4. Be3 Nf6 5. Qd2 c6 6. a4 Nbd7 7. Nf3 0-0 8. Be2 Ng4 9. Bg5 h6 10. Bh4 Re8 11. 0-0 Qc7 12. h3 Ngf6 13. Bg3 e5 14. dxe5 dxe5 15. Rfd1 Nh5 16. Bh2 Nc5 17. Qe3 Ne6 18. Bc4 Nhf4 19. Ne2 Nxe2+ 20. Qxe2 Nf4 21. Qd2 Be6 22. Bxe6 Rxe6 23. a5 Ree8 24. Qd7 Rac8 25. Rd2 Re7 26. Qxc7 Rcxc7 27. Rad1 Kf8 28. Kf1 f6 29. Rd8+ Kf7 30. Bxf4 exf4 31. Nd2 Rcd7 32. Nc4 Rxd1+ 33. Rxd1 Bf8 34. f3 Rc7 35. c3 Ke6 36. Ke2 Be7 37. Rd3 Rc8 38. Kd2 Rd8 39. Rxd8 Bxd8 40. Kd3 Bc7 41. b4 b6 42. axb6 axb6 43. Nd2 Bd6 44. Nb3 Be7 45. Nd4+ Kd7 46. Kc4 Kd6 47. b5 c5 48. Nc6 Bf8 49. Na7 Kd7 50. Kd5 Bd6 51. Nc6 Bc7 52. e5 fxe5 53. Nxe5+ Bxe5 54. Kxe5 g5 55. Kf5 c4 56. Ke5 Ke7 57. Kd5 Kd7 58. Kxc4 Ke6 59. Kd4 h5 60. c4 Kf5 61. c5 1-0

[Event "RUS-ch U20 Girls"]
[Site "Essentuki"]
[Date "2003.03.11"]
[Round "9"]
[White "Olhovaja, Elena"]
[Black "Zakharova, Alexandra"]
[Result "0-1"]
[WhiteElo "2214"]
[BlackElo "2107"]
[PlyCount "72"]
[EventDate "2003.03.02"]
[EventType "swiss"]
[EventRounds "11"]
[EventCountry "RUS"]
[SourceTitle "CBM 093 Extra"]
[Source "ChessBase"]
[SourceDate "2003.05.09"]
[SourceVersion "1"]
[SourceVersionDate "2003.05.09"]
[SourceQuality "1"]

1. e4 e6 2. d4 d5 3. Nd2 Nf6 4. e5 Nfd7 5. Bb5 a6 6. Bxd7+ Bxd7 7. Ne2 c5 8. c3 Nc6 9. 0-0 cxd4 10. cxd4 Be7 11. f4 0-0 12. Nf3 Rc8 13. Qe1 Nb4 14. Qg3 Bb5 15. f5 Bxe2 16. f6 Bxf6 17. exf6 Qxf6 18. Bg5 Qg6 19. Ne5 Qh5 20. Rf2 Nc6 21. Nd7 Rfe8 22. Rxe2 Qxe2 23. Nf6+ Kh8 24. Qh4 Qd3 25. Nxe8 Rxe8 26. Rf1 Qxd4+ 27. Qxd4 Nxd4 28. Rxf7 h6 29. Bd2 Rc8 30. Rxb7 Rc2 31. Be3 Ne2+ 32. Kf1 d4 33. Bf2 e5 34. Re7 d3 35. Rxe5 Rc1+ 36. Be1 d2 0-1

[Event "RUS-ch U20 Girls"]
[Site "Essentuki"]
[Date "2003.03.03"]
[Round "2"]
[White "Olhovaja, Elena"]
[Black "Dotdaeva, Aminat"]
[Result "1/2-1/2"]
[WhiteElo "2214"]
[BlackElo "2093"]
[PlyCount "39"]
[EventDate "2003.03.02"]
[EventType "swiss"]
[EventRounds "11"]
[EventCountry "RUS"]
[SourceTitle "CBM 093 Extra"]
[Source "ChessBase"]
[SourceDate "2003.05.09"]
[SourceVersion "1"]
[SourceVersionDate "2003.05.09"]
[SourceQuality "1"]

1. e4 e6 2. d4 d5 3. Nd2 c5 4. c3 cxd4 5. cxd4 dxe4 6. Nxe4 Bb4+ 7. Nc3 Ne7 8. a3 Ba5 9. Bb5+ Nbc6 10. Nf3 0-0 11. 0-0 Bb6 12. Bxc6 Nxc6 13. d5 exd5 14. Nxd5 Be6 15. Nxb6 Qxb6 16. Qc2 Qb3 17. Qxb3 Bxb3 18. Be3 Bd5 19. Nd4 Nxd4 20. Bxd4 1/2-1/2